|
|
|
|
| LEADER |
01452nam a22002657a 4500 |
| 001 |
37802 |
| 003 |
BD-DhAAL |
| 008 |
220223t2001 bg ||||| |||| 001 0 ben d |
| 999 |
|
|
|c 43562
|d 43562
|
| 020 |
|
|
|a 9840740882
|
| 040 |
|
|
|a BD-DhAAL
|
| 041 |
|
|
|a ben
|
| 082 |
|
|
|a 027.054
|
| 245 |
|
|
|a উনিশ শতকের সাংস্কৃতিক ইতিহাসের এক দশক :
|b হরপ্রসাদ শাস্ত্রী প্রণীত বেঙ্গল লাইব্রেরির প্রতিবেদন /
|c শিপ্রা রক্ষিত দস্তিদার অনূদিত
|
| 246 |
|
|
|a Unish shataker sanskritik itihaser ek dashak :
|b Hara Prasad Sastri pranita Bengal librarir protibedan
|
| 260 |
|
|
|a ঢাকা :
|b বাংলা একাডেমী,
|c ২০০১
|
| 300 |
|
|
|a ১৫১ পৃষ্ঠা ;
|c ২২ সে.মি.
|
| 500 |
|
|
|a নির্ঘণ্ট অন্তর্ভুক্ত।
|
| 526 |
|
|
|a BIED
|
| 541 |
|
|
|a Complimentary copy from BIED
|e 37802
|
| 650 |
|
|
|a Libraries
|z India.
|9 46012
|
| 700 |
|
|
|a দস্তিদার, শিপ্রা রক্ষিত
|9 46013
|
| 852 |
|
|
|a Ayesha Abed Library
|c BIED Collection
|
| 942 |
|
|
|2 ddc
|c BK
|
| 952 |
|
|
|0 0
|1 0
|2 ddc
|4 0
|6 027_054000000000000_UNI
|7 0
|9 69869
|a BRACUL
|b BRACUL
|c GEN
|d 2022-02-23
|e Complimentary copy from BIED
|l 0
|o 027.054 UNI
|p 3010037802
|r 2022-02-23
|t 1
|w 2022-02-23
|y BK
|x Transferred from BIED to General Stacks
|